Ae shama e koae jana part 1 (Record no. 10872)
[ view plain ]
| 000 -LEADER | |
|---|---|
| fixed length control field | 00357 a2200133 4500 |
| 082 ## - DEWEY DECIMAL CLASSIFICATION NUMBER | |
| Classification number | 891.4393 |
| 100 ## - MAIN ENTRY--PERSONAL NAME | |
| Personal name | Ashna Koser |
| 9 (RLIN) | 108723 |
| 245 ## - TITLE STATEMENT | |
| Title | Ae shama e koae jana part 1 |
| Statement of responsibility, etc. | Ashna Koser |
| 260 ## - PUBLICATION, DISTRIBUTION, ETC. | |
| Place of publication, distribution, etc. | Lahore |
| Name of publisher, distributor, etc. | Al-Quraish Publications |
| Date of publication, distribution, etc. | 2009 |
| 300 ## - PHYSICAL DESCRIPTION | |
| Extent | 592 p. |
| 650 ## - SUBJECT ADDED ENTRY--TOPICAL TERM | |
| Topical term or geographic name entry element | Urdu novel |
| 9 (RLIN) | 2511 |
| 700 ## - ADDED ENTRY--PERSONAL NAME | |
| Personal name | Ashna Koser |
| 9 (RLIN) | 108723 |
| 942 ## - ADDED ENTRY ELEMENTS (KOHA) | |
| Koha item type | Book |
| Call number prefix | 891.4393 ASH |
| Source of classification or shelving scheme | |
| Withdrawn status | Lost status | Damaged status | Not for loan | Collection code | Permanent Location | Current Location | Shelving location | Date acquired | Source of acquisition | Cost, normal purchase price | Total Checkouts | Total Renewals | Full call number | Barcode | Date last seen | Date last checked out | Price effective from | Koha item type |
|---|---|---|---|---|---|---|---|---|---|---|---|---|---|---|---|---|---|---|
| Central Library (CL) | Central Library (CL) | General Stacks | 04/22/2012 | Global~Link Information Services | 277.50 | 5 | 3 | 891.4393 ASH | SEECS011222 | 08/01/2025 | 01/09/2025 | 01/05/2017 | Book |
